MARC

LEADER 00000nam0a2200000 4500
001 363822
005 20231102011627.0
035 |a (RuTPU)RU\TPU\retro\21169 
090 |a 363822 
100 |a 20211012d1981 m y0rusy50 ca 
101 1 |a fre  |c rus 
102 |a RU 
105 |a a j 001zy 
200 1 |a Начальный курс топологии. Геометрические главы  |e учебное пособие  |f В. А. Рохлин, Д. В. Фукс  |d Premier Cours de Topologie. Chapitres Geometriques 
210 |a Москва  |c Мир  |d 1981 
215 |a 495 с.  |c ил. 
300 |a На фр. яз. 
320 |a Библиогр.: с. 484-485 
320 |a Алф.-предм. указ.: с. 486-491 
510 1 |a Premier Cours de Topologie. Chapitres Geometriques  |z fre 
606 1 |a Топология  |2 stltpush  |3 (RuTPU)RU\TPU\subj\60999  |9 78215 
610 1 |a топологические пространства 
610 1 |a клеточные пространства 
610 1 |a гладкие многообразия 
610 1 |a расслоения 
610 1 |a гомотопические группы 
610 1 |a учебные пособия 
610 1 |a французский язык 
675 |a 515.1(075)  |v 4 
700 1 |a Рохлин  |b В. А.  |g Владимир Абрамович 
701 1 |a Фукс  |b Д. В.  |g Дмитрий Борисович 
801 1 |a RU  |b 63413507  |c 20211012 
942 |c BK